000 00362nam a2200157Ia 4500
008 210210b1908 xxu||||| |||| 00| 0 eng d
041 _aeng
082 _a514/108
100 _aSCHULTZ (A)
245 _aGraphic algebra
260 _aNew York
_bThe Macmillan Company
_c1908
650 _aGraphic
650 _aalgebra
690 _aAlgebra
906 _a007553
999 _c140093
_d140093